000 00981nam a2200265 a 4500
001 000024323
005 20250205124808.0
008 100906s1974 dr 001 0 spa d
040 _aDO-SdBNP
_bspa
_cBNPHU
082 _axxxx
_bC822m
245 0 3 _aLa Gulf- Western en República Dominicana /
_cJosé del Castillo ... [et al.].
260 _aSanto Domingo, :
_bUASD,
_c1974.
_fEditora Taller
300 _a316 p. ;
_c22 cm.
490 1 _aPublicaciones de la Universidad Autóónoma de Santo Domingo
_v161
490 1 _aHistoria y sociedad
_v7
500 _aIncluye referencias bibliográficas y notas al pie de las páginas
700 1 _aCocco, Miguel,
_d1946-2009
_935840
700 1 _aCordero, Walter
_916854
700 1 _aPuig, Max
_935839
700 1 _aFernández, Otto
_935841
700 1 _aLozano, Wilfredo
_d1950-
_97126
830 0 _aPublicaciones de la Universidad Autóónoma de Santo Domingo
_n161
_944579
830 0 _aHistoria y sociedad
_n7
_944580
049 _aBNPD
999 _c23816
_d23816